| 000 | 00587nam a2200217Ia 4500 | ||
|---|---|---|---|
| 003 | OSt | ||
| 005 | 20231120165233.0 | ||
| 008 | 210210b1998 xxu||||| |||| 00| 0 eng d | ||
| 020 | _a81 7493 463 4 | ||
| 040 | _cAL | ||
| 041 | _aEnglish | ||
| 082 | _a658.3 SARP | ||
| 100 |
_aSARMA (A M). _9142587 |
||
| 245 | _aPersonnel and human resource management. | ||
| 260 |
_aMumbai. _bHimalaya Publishing House _c1998 |
||
| 300 | _aviii,268,viii | ||
| 650 |
_aPersonnel Human Resource Management _9142588 |
||
| 690 |
_aPersonnel Management _9142589 |
||
| 906 | _a054149 | ||
| 942 |
_2ddc _cBK |
||
| 999 |
_c102300 _d102300 |
||